000
00315nam a22001457a 4500
008
210426b ||||| |||| 00| 0 eng d
020
_a
9780816037971
041
_a
eng
080
_a
316
082
_a
316
100
_a
50
101
_a
SOC
245
_a
Women in Science and Math
_c
Lisa Yount
942
_2
udc
_c
BK
999
_c
56762
_d
56762